| 000 | 00820 a2200205 4500 | ||
|---|---|---|---|
| 001 | 57783 | ||
| 005 | 20260407155838.0 | ||
| 008 | 260407a1980 arg spa d | ||
| 003 | AR-UNSa-BCEJYS | ||
| 040 |
_aAR-UNSa-BCEJYS _bspa _cAR-UNSa-BCEJYS |
||
| 080 |
_a674 _xMadera e industria de la madera |
||
| 245 | 1 | 0 | _aEstudio de algunos mercados del Oriente Medio para materiales de construcción de madera procedentes de países en desarrollo |
| 264 | 1 |
_aGinegra : _bCCI (Centro de Comercio Internacional) _c1980 |
|
| 300 |
_a175 p. _c23 cm. |
||
| 505 | _a1. Arabia Saudita – 2. Emiratos Árabes Unidos – 3. Sultanato de Omán – 4. Kuwait – 5. Iraq – 6. Jordania – 7. Egipto | ||
| 041 | _aspa | ||
| 942 | _cBK | ||
| 590 | _aniveau_biblio:m niveau_hierar:0 | ||
| 100 | 1 | _aCentro de Comercio Internacional (CCI) | |
| 999 |
_c6294 _d6294 |
||